000 00282nam a2200121Ia 4500
008 240624s9999 xx 000 0 und d
041 _aeng
082 _a658.5752 ULR
100 _aULRICH KARL
245 _aPRODUCT DESIGN AND DEVELOPMENT
260 _aEducation
365 _cRS
_b25
999 _c30166
_d30166